| 000 | 00692nam a22002417a 4500 | ||
|---|---|---|---|
| 005 | 20170124105940.0 | ||
| 010 | _a302686 | ||
| 020 | _c10.00 | ||
| 035 | _a302686 | ||
| 037 | _bCen Lib/Ret | ||
| 040 |
_aDPL _bEN |
||
| 082 |
_a915.4 _bROY |
||
| 100 |
_aRoy, P. B. _911085 |
||
| 245 |
_aIndia : _cby P. B. Roy _ba handbook of travel / |
||
| 250 | _a2nd ed | ||
| 260 |
_aCacutta _bSaturday Mail Publcations _c1958 |
||
| 270 |
_bDelhi _aMotilal Banarasidass Post Box 1586, Bungalow Road _e110006 |
||
| 300 |
_a318p. _c17cm(Hb) |
||
| 500 | _aIncludes indexes. | ||
| 650 |
_aGeography _991508 |
||
| 650 |
_aIndian Geography _911087 |
||
| 942 |
_2ddc _cEN _h915.4 _mROY |
||
| 999 |
_c124536 _d124536 |
||